Molecular transport of benzene and methyl-substituted benzenes into filled natural rubber sheets (Record no. 63224)
[ view plain ]
| 000 -LEADER | |
|---|---|
| fixed length control field | 01369nam a2200169Ia 4500 |
| 100 ## - MAIN ENTRY--AUTHOR NAME | |
| Personal name | Unnikrishnan G |
| 245 #0 - TITLE STATEMENT | |
| Title | Molecular transport of benzene and methyl-substituted benzenes into filled natural rubber sheets |
| 260 ## - PUBLICATION, DISTRIBUTION, ETC. (IMPRINT) | |
| Name of publisher | Journal of Applied Polymer Science |
| Year of publication | 1996 |
| 300 ## - PHYSICAL DESCRIPTION | |
| Number of Pages | 963-970 |
| 520 ## - SUMMARY, ETC. | |
| Summary, etc | Sorption and diffusion of benzene and methyl-substituted benzenes were investigated through natural rubber reinforced with four types of carbon black : superabrasion furnace, intermediate superabrasion furnace, high-abrasion furnace and semi-reinforcing furnace. The rubber loaded with superabrasion furnace took the lowest amount of solvents among all the samples. It was observed that the mechanism of transport deviates from the normal Fickian trend with a decrease in particle size of the fillers. The diffusion coefficients were determined considering the changes in thickness as well as the diameter of the natural rubber samples. From the temperature dependence of diffusivity, the activation energy for the diffusion process was computed. The sorption data were used to estimate the rubber solvent interaction parameter, enthalpy and entropy of the sorption process. |
| 650 ## - SUBJECT ADDED ENTRY--TOPICAL TERM | |
| Topical Term | Benzene |
| 650 ## - SUBJECT ADDED ENTRY--TOPICAL TERM | |
| Topical Term | Methyl-substitued benzene |
| 650 ## - SUBJECT ADDED ENTRY--TOPICAL TERM | |
| Topical Term | Natural rubber |
| 700 ## - ADDED ENTRY--PERSONAL NAME | |
| Personal name | Thomas Sabu |
| 942 ## - ADDED ENTRY ELEMENTS (KOHA) | |
| Koha item type | Journals |
| Withdrawn status | Lost status | Damaged status | Not for loan | Home library | Current library | Shelving location | Date acquired | Serial Enumeration / chronology | Koha item type |
|---|---|---|---|---|---|---|---|---|---|
| Journals | RRII Library | RRII Library | Rubber chemistry | 17/12/2021 | Volume 60, Issue 7 | Journals |